| 000 | 00691cam a2200205 4500 | ||
|---|---|---|---|
| 001 | D15044 | ||
| 008 | 090401t1982 xxu||||| |||| 00| 0 eng d | ||
| 035 | _a(Sirsi) u19861 | ||
| 041 | _aeng | ||
| 050 | _a711.4 | ||
| 110 |
_aRoyal Institution of Chartered Surveyors _94900 |
||
| 245 | _aAmbridge town centre scheme: will it work? One day conference, Wednesday 17 February 1982 | ||
| 260 |
_aLondon _bSurveyors` Technical Services _c1982 |
||
| 300 | _a5 papers. 1 leaf of introduction. 2 leaves of plans | ||
| 350 | _a0 | ||
| 520 | _a5 papers cataloged separately. Filed in box RICS 1982/4 ABC | ||
| 710 |
_aPlanning and Development Division _9784 |
||
| 942 | _n0 | ||
| 948 | _c04/03/1997 | ||
| 999 |
_c87721 _d87721 |
||